LEADER 01608nam0-22003011i-450- 001 990004746660403321 005 20090318172035.0 035 $a000474666 035 $aFED01000474666 035 $a(Aleph)000474666FED01 035 $a000474666 100 $a19990604g19619999km-y0itay50------ba 101 0 $aita 105 $af-------00--- 200 1 $aERANION$eFestschrift fnr Hildebrecht Hommel$fDargebracht von seinen Tnbinger Freunden und Kollegen 210 $aTnbingen$cM. Niemeyer$d1961 215 $a230 p., [3] c. di tav.$d24 cm 300 $aLukas und Paulus, von W. Eltester--Das 4. Prooemium des Lukrez und die lukrezische Frage, von K. Gaiser--Antikes und modernes Drama, von W. Jens--Der Flussname Güx, von H. Krahe--Römisches Sendungs und Niedergangsbewusstsein, von J. Kroymann--Torgötter, von F. G. Maier--Die Wappnung des Eteokles. Zu Aischylos' "Sieben gegen Theben," von W. Schadewaldt--Mythische Hochzeiten. Zu dem Epinetron des Eretria-Malers, von B. Schweltzer--Alamannen im römischen Beichdienst, von K. F. Stroheker--Heiden und Christen in der Familie Constantins des Grossen, von J. Vogt--Singen und Sagen in der Dichtung des Horax, von G. Willie--Axoooç Eoornpoía. Horas im Rettungsboot, von E. Zinn--Verzeichnis der Schriften von Hildebrecht Hommel, zusammengestellt von K. Gaiser 610 0 $aCristianesimo studi 676 $a230.1 702 1$aHommel,$bHildebrecht 801 0$aIT$bUNINA$gRICA$2UNIMARC 901 $aBK 912 $a990004746660403321 952 $a230.1 HOM 1$bBibl. 35800$fFLFBC 959 $aFLFBC 996 $aERANION$9558006 997 $aUNINA LEADER 01196nam0-2200409---450- 001 990009396300403321 005 20120606171512.0 035 $a000939630 035 $aFED01000939630 035 $a(Aleph)000939630FED01 035 $a000939630 100 $a20110713d1963----km-y0itay50------ba 101 0 $afre 102 $aFR 105 $aa---j---001yy 200 1 $a<>animaux de laboratoire$e(précis)$frédigé par H. Bentz ... [et al.]$gsous la direction de G. Hoffmann$gtraduction de l'allemand et adaptation par Ch. Labie 210 $aParis$cVigot Frères$d1963 215 $aXX, 288 p.$cill.$d25 cm 610 0 $aAnimali da laboratorio 702 1$aHoffmann,$bGunter 702 1$aBentz,$bHans 702 1$aLabie,$bCharles$f<1926- > 801 0$aIT$bUNINA$gRICA$2UNIMARC 901 $aBK 912 $a990009396300403321 952 $a48$b3995$fDMVCO 952 $aIIIc C 139$bInv.$fDMVSF 952 $a44 B 15$b6833$fDMVAP 952 $aD V 29/i$b1201$fDMVCM 952 $a591.3-2$b5871$fDMVBF 959 $aDMVCO 959 $aDMVSF 959 $aDMVAP 959 $aDMVCM 959 $aDMVBF 996 $aAnimaux de laboratoire$9763664 997 $aUNINA